00678cam a2200193 a 450000100100000000500170001000800410002703500190006804000350008708200250012210000400014724500670018725000110025426000400026530000170030550000400032250400740036265000480043600000471520200929151505.0771214s1963 sp b 000 0 spa  a(DLC) 75254256 aDO-SdBNPbspacDLCdDLCdBNPHU a860.09bV139h, 1963.1 aValbuena Prat, Ángel,d1900-1977.10aHistoria de la literatura española /cÁngel Valbuena Prat. a7a ed. aBarcelona :bGustavo Gili,c[1963]. av. ;c23 cm. aLa biblioteca posee el volúmen 2. aIncluye referencias bibliográficas y notas al pie de las páginas. 4aLiteratura españolaxHistoria y crítica